000 00890nam a22002415i 4500
001 166784
003 ES-MaACL
005 20230906213412.0
008 940301s1900 sp |||| | spa d
100 1 _aUnamuno, Miguel de,
_d1864-1936
_9111982
245 1 0 _aTres ensayos :
_b¡Adentro! ; La ideocracia ; La fe /
_cpor Miguel de Unamuno.
260 _aMadrid :
_bB. Rodríguez Serra,
_c1900 (
_fImp. de A. Marzo)
300 _a70 p. ;
_c18 cm.
530 _aDisponible en formato digital.
650 4 _aIdeología.
_913544
650 4 _aFe.
_912734
740 1 2 _a¡Adentro!
740 3 2 _aLa ideocracia.
740 3 2 _aLa fe.
852 _aES-MaACL
_jT-457-F-5
_z- Páginas sueltas
_z- Enc. hol., conservando cub. original
_z- Enc. en un vol. facticio
856 _uhttp://bdh-rd.bne.es/viewer.vm?id=0000201027&page=1
_zBiblioteca Digital Hispánica
999 _c166784
_d166784